EFFECTIVE TEACHING IN ELEMENTARY SOCIAL STUDIES (Record no. 1604)

MARC details
000 -LEADER
fixed length control field 00341nam a22001097a 4500
008 - FIXED-LENGTH DATA ELEMENTS--GENERAL INFORMATION
fixed length control field 150828b xxu||||| |||| 00| 0 eng d
020 ## - INTERNATIONAL STANDARD BOOK NUMBER
International Standard Book Number 0024064009
082 ## -
Classification number 372.830 044 SAN
100 ## - MAIN ENTRY--PERSONAL NAME
Personal name SAVAGE TOM V.
Titles and other words associated with a name ARMSTRONG DAVID G.
245 ## - TITLE STATEMENT
Title EFFECTIVE TEACHING IN ELEMENTARY SOCIAL STUDIES
260 ## - PUBLICATION, DISTRIBUTION, ETC. (IMPRINT)
Place of publication, distribution, etc. NEW YORK
Name of publisher, distributor, etc. MACMILLAN PUBLISHING COMPANY
Date of publication, distribution, etc. 1987

No items available.

IRDP © 2021 :: Managed by ICT Team